Bayern Munich 2025/26 Football Squad - Statistics

General Stats
  • This quiz has been taken 138 times
    25 since last reset
  • The average score is 17 of 25
Answer Stats
# Pos. Nat. Player % Correct
1 GK ๐Ÿ‡ฉ๐Ÿ‡ช Manuel Neuer
100%
40 GK ๐Ÿ‡ฉ๐Ÿ‡ช Jonas Urbig
91%
2 CB ๐Ÿ‡จ๐Ÿ‡ต Dayot Upamecano
86%
19 LB ๐Ÿ‡จ๐Ÿ‡ฆ Alphonso Davies
82%
4 CB ๐Ÿ‡ฉ๐Ÿ‡ช Jonathan Tah
82%
6 DM ๐Ÿ‡ฉ๐Ÿ‡ช Joshua Kimmich
82%
3 CB ๐Ÿ‡ฐ๐Ÿ‡ท Min-jae Kim
82%
9 CF ๐Ÿด๓ ง๓ ข๓ ฅ๓ ฎ๓ ง๓ ฟ Harry Kane
77%
21 CB ๐Ÿ‡ฏ๐Ÿ‡ต Hiroki Ito
73%
44 RB ๐Ÿ‡ญ๐Ÿ‡ท Josip Stanisic
73%
22 LB ๐Ÿ‡ต๐Ÿ‡น Raphaรซl Guerreiro
73%
45 DM ๐Ÿ‡ฉ๐Ÿ‡ช Aleksandar Pavlovic
68%
27 RB ๐Ÿ‡ฆ๐Ÿ‡น Konrad Laimer
68%
8 CM ๐Ÿ‡ฉ๐Ÿ‡ช Leon Goretzka
68%
14 LW ๐Ÿ‡จ๐Ÿ‡ด Luis Dรญaz
68%
17 RW ๐Ÿ‡จ๐Ÿ‡ต Michael Olise
68%
26 GK ๐Ÿ‡ฉ๐Ÿ‡ช Sven Ulreich
68%
10 AM ๐Ÿ‡ฉ๐Ÿ‡ช Jamal Musiala
64%
42 AM ๐Ÿ‡ฉ๐Ÿ‡ช Lennart Karl
64%
7 SS ๐Ÿ‡ฉ๐Ÿ‡ช Serge Gnabry
64%
11 CF ๐Ÿ‡ธ๐Ÿ‡ณ Nicolas Jackson
59%
20 CM ๐Ÿ‡ฉ๐Ÿ‡ช Tom Bischof
55%
36 LW ๐Ÿ‡ฉ๐Ÿ‡ช Wisdom Mike
36%
48 GK ๐Ÿ‡ฉ๐Ÿ‡ช Leon Klanac
32%
39 CM ๐Ÿ‡ธ๐Ÿ‡ณ Bara Sapoko Ndiaye
23%
No matching quizzes found
Score Distribution
Percent of People with Each Score
Percentile by Number Answered
Your Score History
You have not taken this quiz since the last reset